China East or West - Statistics

General Stats
  • This quiz has been taken 9 times
  • The average score is 12 of 15
Answer Stats
Question Answer % Correct
Shanghai East
100%
Himalayas West
100%
Gobi Desert West
100%
Hainan East
89%
Yangtze River East
89%
Hebei East
89%
Liadong Gulf East
89%
Urumqi West
89%
Lhasa West
89%
Mount Everest West
89%
Bohai Sea East
78%
Kunlun Shan West
78%
Chongqing East
56%
Shihezi West
44%
Erhai Lake East
0%
No matching quizzes found
Score Distribution
Percent of People with Each Score
Percentile by Number Answered
Your Score History
You have not taken this quiz